00505nam a2200121 i 4500001000300000100002800003245017600031260002100207040000800228041000800236008004100244856009800285bg1 aSTEFAŃSKI, Ryszard A. 0aPrawo o ruchu drogowym z komentarzem do zmian wprowadzonych ustawami z 27 lipca 1991 r.i z 6 marca 1992 r. :bstan prawny na dzień 31 V 1992r. /cRyszard A. Stefański. aWarszawa,c1992. cBPK apol s pl f |000 0 pol  uhttp://koha.tu.koszalin.pl/cgi-bin/koha/opac-detail.pl?biblionumber=29705yKatalog online BPK